00768nam a2200217Ia 4500001000700000003000500007008004100012010001100053040000900064100003100073245014400104260004100248300001000289502007600299650004600375650002800421650002200449650002300471650002700494650002900521Z_5299CHAP220113s2005 xx 000 0 und d a168363 cCHAP aUrbina Zúñiga, Ramón aLas agencias de desarrollo local estudio de caso : "Fundación Hidalguense para la Atención Rural, A. C.", Tulancingo, Estado de Hidalgo aChapingo, Méx. :bEl autor,c2005 a74 h. aTesis (Ing. Agr. Esp. en Zootecnia) -- UACH. Departamento de Zootecnia aDesarrollo de la comunidad ruralxHidalgo aDesarrollo económico  aDesarrollo rural  aDesarrollo social  aGanado lanarxHidalgo  aProyectos de desarrollo